Virginia Company of London. (Record no. 52406)

MARC details
000 -LEADER
fixed length control field 00881cam a22002531 4500
001 - CONTROL NUMBER
control field rc 01002792
003 - CONTROL NUMBER IDENTIFIER
control field DLC
005 - DATE AND TIME OF LATEST TRANSACTION
control field 20260227111907.0
007 - PHYSICAL DESCRIPTION FIXED FIELD--GENERAL INFORMATION
fixed length control field cr_|||||||||||
008 - FIXED-LENGTH DATA ELEMENTS--GENERAL INFORMATION
fixed length control field 781207s1868 dcu f000 0 eng
010 ## - LIBRARY OF CONGRESS CONTROL NUMBER
LC control number rc 01002792
035 ## - SYSTEM CONTROL NUMBER
System control number (OCoLC)4428651
040 ## - CATALOGING SOURCE
Original cataloging agency DLC
Transcribing agency Vi
Modifying agency OCoLC
-- DLC
042 ## - AUTHENTICATION CODE
Authentication code premarc
050 00 - LIBRARY OF CONGRESS CALL NUMBER
Classification number F229
Item number .N427
100 1# - MAIN ENTRY--PERSONAL NAME
Personal name Neill, Edward D.
Fuller form of name (Edward Duffield),
Dates associated with a name 1823-1893.
245 00 - TITLE STATEMENT
Title Virginia Company of London.
Remainder of title Extracts from their manuscript transactions: with notes,
Statement of responsibility, etc. by Edward D. Neill.
260 ## - PUBLICATION, DISTRIBUTION, ETC.
Place of publication, distribution, etc. Washington,
Name of publisher, distributor, etc. Govt. Print. Off.,
Date of publication, distribution, etc. 1868.
300 ## - PHYSICAL DESCRIPTION
Extent 17 p.
Dimensions 23 cm.
530 ## - ADDITIONAL PHYSICAL FORM AVAILABLE NOTE
Additional physical form available note Also available in digital form on the Internet Archive Web site.
610 20 - SUBJECT ADDED ENTRY--CORPORATE NAME
Corporate name or jurisdiction name as entry element Virginia Company of London.
651 #0 - SUBJECT ADDED ENTRY--GEOGRAPHIC NAME
Geographic name Virginia
General subdivision History
Chronological subdivision Colonial period, ca. 1600-1775.
856 41 - ELECTRONIC LOCATION AND ACCESS
Uniform Resource Identifier <a href="http://hdl.loc.gov/loc.gdc/scd0001.00143670958">http://hdl.loc.gov/loc.gdc/scd0001.00143670958</a>

No items available.

Powered by Koha